Quiz o dinozaurach - Statystyki

Ogólne statystyki
  • Ten quiz został rozwiązany 334 razy
  • Średni wynik to 9 z 12
Statystyki odpowiedzi
Długość Krótki opis Dieta Lata życia Kiedy żył Znaleziony Nazwa dinozaura % Poprawnych
12 metrów Jest najpopularniejszy Mięsożerca 67-65 milionów lat temu Późna Kreda Kanada, USA Tyranozaur/T-rex/Trex
91%
9 metrów Miał płytki na grzbiecie które były w kształcie pięciokąta Roślinożerca 156-144 milionów lat temu Późna Jura USA Stegozaur
90%
26 metrów 1 z 3 najpopularniejszych dinozaurów dlugoszyjch Roślinożerca 155-145 milionów lat temu Późna Jura USA Diplodok
85%
18 metrów Był większy niż Tyranozaur, był rybożerny Mięsożerca 90-70 milionów lat temu Późna Kreda Egipt, Maroko Spinozaur
80%
30 metrów Jeden z największych, długoszyji Roślinożerca 155-149 milionów lat temu Późna Jura Tanzania, USA, Portugalia, Algieria Brachiozaur
79%
6 metrów W filmach pluje kwasem Mięsożerca 190 milionów lat temu Wczesna Jura USA Dilofozaur/Plujka
71%
35 metrów Jest największym dinozaurem który istniał Roślinożerca 90 milionów lat temu Późna Kreda Argentyna Argentynozaur
69%
1,8 metra Bardzo szybki, zwano go też szybki rabuś Mięsożerca 84-80 milionów lat temu Późna Kreda Mongolia Welociraptor/Welek
68%
7 metrów Ostre kolce na grzbiecie Roślinożerca 74-67 milionów lat temu Późna Kreda Kanada, USA Ankylozaur
64%
12,5 metra Jego nazwa mówi że był gigantyczny Mięsożerca 112-90 milionów lat temu Wczesna Kreda Argentyna Giganotozaur
61%
10 metrów Kciuki służy mu do obrony i miał długi język Roślinożerca 140-110 milionów lat temu Wczesna Kreda Anglia, Niemcy, USA, Hiszpania, Belgia Iguanodon
49%
8 metrów Piął na głowie Chełm Roślinożerca 76-65 milionów lat temu Późna Kreda Kanada, USA Pachycefalozaur/Pachylozaur
46%
Nie znaleziono quizów pasujących do podanych kryteriów
Rozkład punktacji
Procent ludzi z każdym wynikiem
Percentyl według liczby udzielonych odpowiedzi
Twoja historia wyników
Nie rozwiązałeś tego quizu